Logo BPK

Biblioteka

Politechniki Koszalińskiej

Wszystko o podatkach, rachunkowości i finansach w 2007 roku : (Rekord nr 53693)

Szczegóły MARC
000 -ETYKIETA REKORDU
podpole kontrolne o stałej długości 00900nam a2200253 i 4500
001 - NUMER KONTROLNY REKORDU
pole kontrolne bg
020 ## - MIĘDZYNARODOWY ZNORMALIZOWANY NUMER KSIĄŻKI - ISBN
ISBN 9788389056047
040 ## - ŹRÓDŁO KATALOGOWANIA
Instytucja, która utworzyła rekord BPK
041 0# - KOD JĘZYKA
Kod języka tekstu pol
080 ## - UNIWERSALNA KLASYFIKACJA DZIESIĘTNA - UKD
UKD 336.221.24:347.73:346.52](438)
920 ## - Międzynarodowy znormalizowany numer książki – ISBN
ISBN 978-83-89056-04-7
008 - POLE O STAŁEJ DŁUGOŚCI - DANE KONTROLNE
podpole kontrolne o stałej długości s pl f |000 0 pol
245 00 - TYTUŁ/ODPOWIEDZIALNOŚĆ
Tytuł Wszystko o podatkach, rachunkowości i finansach w 2007 roku :
Ciąg dalszy tytułu wybrane akty prawne /
Pozostałe elementy strefy tytułu i oznaczenia odpowiedzialności oprac. Czesław Sławski.
250 ## - STREFA WYDANIA
Oznaczenie wydania Stan prawny na 1.01.2007 r.
260 ## - STREFA ADRESU WYDAWNICZEGO
Miejsce wydania Gorzów Wielkopolski :
Nazwa wydawcy/dystrybutora Wydawnictwo Podatkowe GOFIN,
Data publikacji, dystrybucji/powstania dokumentu 2007.
300 ## - STREFA OPISU FIZYCZNEGO
Objętość 750 s. ;
Rozmiary 24 cm.
490 1# - STREFA SERII I DOKUMENTU WIELOCZĘŚCIOWEGO - FORMA NIE DO WYSZUKIWANIA
Tytuł i oznaczenie odpowiedzialności serii Biblioteka Podatnika,
ISSN 1234-7582 ;
Numeracja w obrębie serii 89
650 #9 - HASŁO PRZEDMIOTOWE W FORMIE NAZWY OGÓLNEJ LUB JEDNOSTKOWEJ
Nazwa ogólna lub geograficzna Podatek
Określnik ogólny prawo
Określnik geograficzny Polska
Określnik chronologiczny stan na 2007 r.
650 #9 - HASŁO PRZEDMIOTOWE W FORMIE NAZWY OGÓLNEJ LUB JEDNOSTKOWEJ
Nazwa ogólna lub geograficzna Prawo finansowe
Określnik geograficzny Polska
Określnik chronologiczny stan na 2007 r.
650 #9 - HASŁO PRZEDMIOTOWE W FORMIE NAZWY OGÓLNEJ LUB JEDNOSTKOWEJ
Nazwa ogólna lub geograficzna Rachunkowość
Określnik ogólny prawo
Określnik geograficzny Polska
Określnik chronologiczny stan na 2007 r.
700 1# - HASŁO DODATKOWE - NAZWA OSOBOWA
Nazwa osobowa SLAWSKI, Czesław.
Określenie związku między hasłem a opisywanym materiałem Oprac.
830 ## - HASŁO DODATKOWE SERII LUB DOKUMENTU WIELOCZĘŚCIOWEGO - TYTUŁ UJEDNOLICONY
Tytuł ujednolicony Biblioteka Podatnika,
-- 1234-7582 ;
856 ## - LOKALIZACJA I DOSTĘP DO ELEKTRONICZNYCH DOKUMENTÓW ZDALNYCH
Link (URL) http://koha.tu.koszalin.pl/cgi-bin/koha/opac-detail.pl?biblionumber=53693
Tekst linku Katalog online BPK
942 ## - DODATKOWE ELEMENTY (KOHA)
Typ dokumentu Książka
Egzemplarze
Wycofany Status egzemplarza Uszkodzony Dostępność Lokalizacja stała Lokalizacja bieżąca Miejsce przechowywania Sygnatura Kod kreskowy Typ dokumentu
      Dostępny Biblioteka Politechniki Koszalińskiej Biblioteka Politechniki Koszalińskiej Wypożyczalnia BG 84479 02374499 Książka
© 2023 Biblioteka Politechniki Koszalińskiej :: KOHA